La vuelta de la tuerca / (Registro nro. 8525)

Detalles MARC
000 -LIDER
fixed length control field 00640nam a22002417a 4500
001 - NÚMERO DE CONTROL
Identificador de número de control 089
003 - IDENTIFICACDOR DE NÚMERO DE CONTROL
control field DO-SdBNP
005 - DATE AND TIME OF LATEST TRANSACTION
control field 20180207120725.0
007 - CAMPOS FIJOS DE DESCRIPCIÓN FÍSICA
fixed length control field 089
008 - ELEMENTOS DE LONGITUD FIJA
fixed length control field 151005b1962 sp 00| 0 spa d
020 ## - ISBN
International Standard Book Number 8470021354
040 ## - FUENTE DE CATALOGACIÓN
Agencia que crea de manera original el registro BPMSU
Idioma de catalogación spa
Agencia que realiza la transcripción BPMSU
100 1# - ASIENTO PRINCIPAL -- NOMBRE PERSONAL
Nombre personal James, Henry
245 13 - MENCIÓN DE TITULO
Título La vuelta de la tuerca /
Mención de responsabilidad Henry James ; traducción José Ma. Roca
260 ## - PUBLICACIÓN, DISTRIBUCIÓN, ETC. (PIE DE IMPRENTA)
Lugar de publicación, distribución, etc Barcelona :
Nombre del editor, distribuidor, etc. Litografía Rosés,
Fecha de publicación, distribución, etc 1962.
300 ## - DESCRIPCIÓN FÍSICA
Extensión 107 p. :
Dimensiones 18 cm.
490 1# - MENCIÓN DE SERIES
Mención de serie El observador
Volume/sequential designation 57
700 12 - ASIENTO SECUNDARIO -- NOMBRE PERSONAL
Nombre personal Roca, José Ma.
Mención de responsabilidad trad.
830 #0 - ASIENTO SECUNDARIO DE SERIE--TÍTULO UNIFORME
Título uniforme El observador
Número de la parte o sección de una obra 57
942 ## - ADDED ENTRY ELEMENTS (KOHA)
Source of classification or shelving scheme Dewey Decimal Classification
Koha item type Libros
945 ## - INFORMACIÓN DE PROCESAMIENTO LOCAL
Información de procesamiento local Inventariado, 2018/MFF
956 ## - LOCAL ELECTRONIC LOCATION AND ACCESS (OCLC)
Nombre de host Yngrid Lockward
Existencias
Withdrawn status Lost status Source of classification or shelving scheme Damaged status Not for loan Collection code Home library Current library Date acquired Source of acquisition Total Checkouts Barcode Date last seen Price effective from Koha item type
    Dewey Decimal Classification     Colección General Biblioteca Pública Metropolitana Salomé Ureña Biblioteca Pública Metropolitana Salomé Ureña 11/03/2015 Donación   BPMSU15110030 11/03/2015 11/03/2015 Libros